Ejercicios de programación creativos y recreativos en C plus plus
Guardat en:
| Autors principals: | , , , , |
|---|---|
| Format: | Llibre |
| Idioma: | espanyol |
| Publicat: |
Madrid
Pearson Educación
2002
|
| Matèries: | |
| Etiquetes: |
Afegir etiqueta
Sense etiquetes, Sigues el primer a etiquetar aquest registre!
|
MARC
| LEADER | 00000nam a2200000 a 4500 | ||
|---|---|---|---|
| 001 | UCM7337 | ||
| 003 | CL-VaPUC | ||
| 008 | 021213e20020000SP |||||||||||||||||spa|d | ||
| 082 | 0 | 4 | |a 005.133 |b ROD |2 21 |
| 100 | 0 | |a Rodríguez, Carlos Gregorio |e author |9 472904 | |
| 700 | 0 | |a Llana Díaz, Luis Fernando |e author |9 472905 | |
| 700 | 0 | |a Pareja Flores, Cristóbal |e author |9 472906 | |
| 700 | 0 | |a Martínez Unanue, Raquel |e author |9 472907 | |
| 700 | 0 | |a Palao Gostanza, Pedro |e author |9 472908 | |
| 245 | 1 | 0 | |a Ejercicios de programación creativos y recreativos en C plus plus |
| 300 | |a 368 p | ||
| 942 | |c BK | ||
| 945 | |d 20021213 00:00:00 |a vberengu | ||
| 260 | |a Madrid |b Pearson Educación |c 2002 | ||
| 650 | 0 | |a Lenguajes de programación |9 259458 | |
| 650 | 7 | |a C PLUS PLUS |2 CL-VaPUC |9 306200 | |
| 583 | |a last modification |c 20021213 00:00:00 |k Rodrigo Vera | ||
| 999 | |c 302180 |d 302178 | ||
| 952 | |0 0 |1 0 |2 ddc |4 0 |6 005_133000000000000_ROD_2002 |7 0 |8 A |9 362283 |a BIBING |b BIBING |c RES |d 2019-11-21 |i 386913K |l 1 |o 005.133 ROD 2002 |p 386913K |r 2025-01-20 |s 2024-12-11 |w 2019-11-21 |y BK |k CCI | ||
| 952 | |0 0 |1 0 |2 ddc |4 0 |6 005_133000000000000_ROD_2002 |7 0 |8 A |9 362284 |a BIBING |b BIBING |c RES |d 2019-11-21 |i 3869148 |o 005.133 ROD 2002 |p 3869148 |r 2025-01-20 |w 2019-11-21 |y BK |k CCI | ||
| 952 | |0 0 |1 0 |2 ddc |4 0 |6 005_133000000000000_ROD_2002 |7 0 |8 A |9 362285 |a BIBING |b BIBING |c RES |d 2019-11-21 |i 3869156 |o 005.133 ROD 2002 |p 3869156 |r 2025-01-20 |w 2019-11-21 |y BK |k CCI | ||
| 952 | |0 0 |1 0 |2 ddc |4 0 |6 005_133000000000000_ROD_2002 |7 0 |8 A |9 362286 |a BIBING |b BIBING |c RES |d 2019-11-21 |i 3869164 |o 005.133 ROD 2002 |p 3869164 |r 2025-01-20 |w 2019-11-21 |y BK |k CCI | ||
| 952 | |0 0 |1 0 |2 ddc |4 0 |6 005_133000000000000_ROD_2002 |7 0 |8 A |9 362287 |a BIBING |b BIBING |c RES |d 2019-11-21 |i 3869172 |o 005.133 ROD 2002 |p 3869172 |r 2025-01-20 |w 2019-11-21 |y BK |k CCI | ||